| 000 | 00616nam a22001937a 4500 | ||
|---|---|---|---|
| 005 | 20140314114005.0 | ||
| 010 | _aENG-109416 | ||
| 020 |
_a9788183164399 _c395.00 |
||
| 035 | _aEN-92949 | ||
| 037 | _bDBAD/PUB | ||
| 082 | _a370.954 | ||
| 100 | _aDash, B. N. | ||
| 245 |
_aA new approach to teacher and education in the emerging Indian society / _cby B.N. Dash ; foreworded by Ramesh Ghanta |
||
| 260 |
_aHyderabad _bNeelkamal Publications _c2013 |
||
| 270 |
_aSultan Bazar _bHyderabad _e500095 |
||
| 300 |
_axix,563p. _c23cm(pbk) |
||
| 500 | _aIncludes index | ||
| 942 |
_2ddc _cEN _mDAS _h370.954 |
||
| 999 |
_c82772 _d82772 |
||